Héctor : novela histórica cristera /
Pseudónimo del religioso oaxaqueño David G. Ramírez, Jorge Gramm (1889-1950) fue uno de los novelistas defensores del alzamiento de los cristeros durante el régimen de Plutarco Elías Calles. Participante en el bando cristero durante el conflicto, Ramírez es autor de las narraciones La guerra sintéti...
Salvato in:
| Autore principale: | |
|---|---|
| Natura: | Libro |
| Lingua: | spagnolo |
| Pubblicazione: |
México :
Jus,
1983, c1983
|
| Edizione: | 9a edición |
| Soggetti: | |
| Tags: |
Nessun Tag, puoi essere il primo ad aggiungerne!!
|
MARC
| LEADER | 00000nam^a2200000^a^4500 | ||
|---|---|---|---|
| 001 | 000105700 | ||
| 005 | 20250521000000.0 | ||
| 009 | 20260310093509.537 | ||
| 037 | |a Acervo ITESO - Biblioteca | ||
| 041 | |a ESP | ||
| 082 | |a 863. |b GRA | ||
| 100 | |a Gram, Jorge |e (autor) | ||
| 240 | 1 | 1 | |a [Héctor: novela histórica cristera] |
| 245 | 1 | 0 | |a Héctor : |b novela histórica cristera / |c J. Gram ; pról. de Eugenio Vegas Latapie. |
| 250 | |a 9a edición | ||
| 264 | 4 | |a México : |b Jus, |c 1983, c1983 | |
| 300 | |a 296 p. | ||
| 336 | |a texto |b txt |2 rdacontenido | ||
| 337 | |a sin mediación |b n |2 rdamedio | ||
| 338 | |a volumen |b nc |2 rdasoporte | ||
| 520 | |a Pseudónimo del religioso oaxaqueño David G. Ramírez, Jorge Gramm (1889-1950) fue uno de los novelistas defensores del alzamiento de los cristeros durante el régimen de Plutarco Elías Calles. Participante en el bando cristero durante el conflicto, Ramírez es autor de las narraciones La guerra sintética, Jahel y Héctor; en esta última describe la vida de un hombre que fue un importante cristero en la región de Zacatecas y señala el deber de los católicos de rebelarse cuando el Estado imponga restricciones a la libertad religiosa. | ||
| 649 | |a XX | ||
| 650 | |a Guerra Cristera | ||
| 650 | |a Novela Mexicana | ||
| 650 | |a Novela Histórica - |z México | ||
| 650 | |a Literatura Cristera | ||
| 650 | |a Literatura Mexicana - |y Siglo XX | ||
| 650 | |a Literatura e Historia - |z México | ||
| 650 | |a Iglesia y Estado - |z México - |x Historia - |y Régimen Callista, 1924-1928 | ||
| 650 | |a Política y Religión - |z México - |x Historia - |y Régimen Callista, 1924-1928 | ||
| 650 | |a Zacatecas - |x Historia - |y Régimen Callista, 1924-1928 | ||
| 650 | |a México - |x Historia - |y Régimen Callista, 1924-1928 | ||
| 650 | |a México - |x Historia - |y 1910-1946 | ||
| 650 | |a México - |x Historia - |y Siglo XX | ||
| 910 | |a Fondo Jesús Rodríguez | ||
| 920 | |a Impresos - Libros | ||
| 930 | |a Fondos Especiales | ||
| 940 | |a Guerra Cristera | ||
| 940 | |a Literatura | ||
| 905 | |a 113 | ||
| 901 | |a 0500041592 |b IT2 |c ESP |u 20250521 | ||
| 902 | |a https://opac.biblio.iteso.mx/vufind/Record/000105700 | ||